000 01289cab a2200337 4500
001 ABS59166
008 090401t1998 xxu||||| |||| 00| 0 eng d
035 _a(Sirsi) u88320
041 _aeng
100 _aWood, C.
245 _aConflicts between building conservation and the environment
260 _c1998
350 _a0
490 _aRICS Building Conservation Journal
_v(19) Spring 1998, 10-12(3)
520 _aDiscusses the competing demands of building conservation and the environment. Considers areas of conflict such as, the replacement of traditional windows with PVC-U double glazing, the support given to the use of indigenous materials by English Hertitage which may involve quarrying, and the prevention of work to roofs where bats are roosting during the summer months.
650 _aBUILDING CONSERVATION
650 _aDOUBLE GLAZING
650 _aENERGY SAVING
650 _aENGLISH HERITAGE
650 _aENVIRONMENTAL CONSERVATION
650 _aLEAD PAINT
650 _aPVC-U
650 _aQUARRYING
650 _aBUILT ENVIRONMENT-BUILDING ELEMENTS-COMPLETE BUILDING ELEMENTS-ROOFS
650 _aSASH WINDOWS
650 _aSOFTWOOD TIMBER
650 _aTIMBER TREATMENT
690 _aCONSERVATION
942 _n0
948 _c07/09/1998
999 _c55783
_d55783